000 00918nam a2200265 i 4500
001 34797
003 KOSZ 005
005 20200417122438.0
008 080825s1955 pl a f 000 0 pol
015 _aPB 1955/7039
040 _aWA N
_cKOSZ 005/RW
_dKOSZ 005/RW
080 _a621.3
100 1 _aRotkiewicz, Wilhelm
_d(1906-1983)
_eAutor
245 1 0 _aTechnika odbioru radiowego.
_nT. 1 /
_cWilhelm Rotkiewicz.
250 _aWyd. 2 popr. i uzup.
260 _aWarszawa :
_bPaństwowe Wydawnictwa Techniczne,
_c1955.
300 _a493, [3] s. :
_bil., err. ;
_c24 cm.
380 _aKsiążki.
504 _aBibliogr. s. [494].
655 4 _aPodręczniki akademickie
650 4 _aRadiotechnika
710 2 _aPaństwowe Wydawnictwa Techniczne
_4pbl.
856 _uhttp://koha.tu.koszalin.pl/cgi-bin/koha/opac-detail.pl?biblionumber=34797
_yKatalog online BPK
942 _2UKD
_cKS
999 _c34797
_d34797